00630nam a2200145Ia 4500008004100000024006800041100009700109110002500206245004500231260002600276600002500302650003300327856010700360999001700467260210s9999 xx 000 0 und d a18B-079-SE, 18B-082-SE, 18B-092-SE, 18B-111-SE & 18B-020-SE aHafiz Muhammad Ahmed, Bilal Siddiqui, Eshwar Lal, Mubashra Tabassum & Aresh Bint e Najmi aSir Abdul Hafiz Adam 0aCo-reference resolution in Urdu Language aKarachi:bUITU,c2019 aSoftware engineering aBachelor of Engineering (BE) uhttps://drive.google.com/file/d/1aowxdXRFvEBSKjx1wFJjFb-spyNVnBLE/view?usp=sharingyClick here for PDF c33481d33481